American folklore & the historian /

Bibliographic Details
Main Author: Dorson, Richard M. (Richard Mercer), 1916-1981
Format: Book
Language:English
Published: Chicago : University of Chicago Press, [1971]
Subjects:

MARC

Tag First Indicator Second Indicator Subfields
LEADER 00000cam a2200000 4500
001 in00000180098
005 20170110132553.0
008 711129s1971 ilu b 00110 eng
010 |a  75149093  
020 |a 0226158683 
035 |a (OCoLC)00211518 
035 |9 AAU0363AM 
040 |a DLC  |c DLC  |d m.c.  |d TXA  |d UtOrBLW 
043 |a n-us--- 
049 |a TXAS  |c 2 [A08612395]  |a TXAM  |c 1 [1321479] 
050 0 0 |a GR105  |b .D655 
082 0 |a 398/.0973 
100 1 |a Dorson, Richard M.  |q (Richard Mercer),  |d 1916-1981. 
245 1 0 |a American folklore & the historian /  |c [by] Richard M. Dorson. 
246 3 0 |a American folklore and the historian 
264 1 |a Chicago :  |b University of Chicago Press,  |c [1971] 
300 |a xii, 239 pages ;  |c 23 cm. 
336 |a text  |b txt  |2 rdacontent 
337 |a unmediated  |b n  |2 rdamedia 
338 |a volume  |b nc  |2 rdacarrier 
504 |a Bibliography: pages 199-203. 
500 |a The Cushing Library/Lit./Dobie copy was acquired as part of Jeff C. Dykes' J. Frank Dobie Collection. 
650 0 |a Folklore  |z United States. 
650 0 |a Folklore  |x Methodology. 
999 |a MARS 
999 f f |s 95aef9e2-7798-300d-9f44-f9889cf8c068  |i 789b1963-7d9f-396d-8522-8f29ac2485e6  |t 0 
952 f f |p noncirc  |a Texas A&M University  |b College Station  |c Cushing Memorial Library & Archives  |d Cushing: Literature/Dobie (Does not check out)  |t 0  |e GR105 .D655  |h Library of Congress classification  |i unmediated -- volume  |m A14808612395 
952 f f |p normal  |a Texas A&M University  |b College Station  |c Sterling C. Evans Library  |d Evans: Library Stacks  |t 0  |e GR105 .D655  |h Library of Congress classification  |i unmediated -- volume  |m A14802441437 
998 f f |a GR105 .D655  |t 0  |l Evans: Library Stacks 
998 f f |a GR105 .D655  |t 0  |l Cushing: Literature/Dobie (Does not check out)